| Tag |
First Indicator |
Second Indicator |
Subfields |
| LEADER |
00000cam a2200000 a 4500 |
| 001 |
in00001234978 |
| 005 |
20151003060924.0 |
| 008 |
950504s1995 ohua 001 0 eng d |
| 020 |
|
|
|a 0538633131 (student ed.)
|
| 020 |
|
|
|a 053863314X (wraparound teacher's ed.)
|
| 035 |
|
|
|a (OCoLC)32417250
|
| 035 |
|
|
|9 AGS2947AM
|
| 040 |
|
|
|a TXA
|c TXA
|d UtOrBLW
|
| 049 |
|
|
|a TXAM
|
| 090 |
|
|
|a HF5635
|b .S38 1995
|
| 100 |
1 |
|
|a Schultheis, Robert A.
|
| 245 |
1 |
0 |
|a Keeping financial records for business /
|c Robert A. Schultheis, Burton S. Kaliski, Daniel H. Passalacqua.
|
| 250 |
|
|
|a 8th ed.
|
| 264 |
|
1 |
|a Cincinnati, Ohio :
|b South-Western Pub. Co.,
|c [1995]
|
| 264 |
|
4 |
|c ©1995
|
| 300 |
|
|
|a ix, 785 pages :
|b illustrations ;
|c 27 cm. +
|e wraparound teacher's ed. (TE26, ix, 785 pages : illustrations ; 27 cm.)
|
| 336 |
|
|
|a text
|b txt
|2 rdacontent
|
| 337 |
|
|
|a unmediated
|b n
|2 rdamedia
|
| 338 |
|
|
|a volume
|b nc
|2 rdacarrier
|
| 500 |
|
|
|a At head of title: South-Western.
|
| 500 |
|
|
|a Includes index.
|
| 650 |
|
0 |
|a Accounting.
|
| 650 |
|
0 |
|a Business enterprises
|x Finance.
|
| 700 |
1 |
|
|a Kaliski, Burton S.
|
| 700 |
1 |
|
|a Passalacqua, Daniel H.
|
| 740 |
0 |
|
|a South-Western keeping financial records for business.
|
| 999 |
|
|
|a MARS
|
| 999 |
f |
f |
|s 8f5dbfac-77bd-37fb-bab9-64e43e42c7f2
|i 51c30f28-08fe-3a1b-9a8f-7bfda34ee40d
|t 0
|
| 952 |
f |
f |
|p ric
|a Texas A&M University
|b Rellis Campus
|c Joint Library Facility
|d Remote Storage
|t 0
|e HF5635 .S38 1995
|h Library of Congress classification
|i unmediated -- volume
|k Teachers ed.
|m A14819016413
|
| 952 |
f |
f |
|p ric
|a Texas A&M University
|b Rellis Campus
|c Joint Library Facility
|d Remote Storage
|t 0
|e HF5635 .S38 1995
|h Library of Congress classification
|i unmediated -- volume
|k Text
|m A14819016405
|
| 998 |
f |
f |
|a HF5635 .S38 1995
|s "Text"
|t 0
|l Remote Storage
|